[Event "Box Hill Autumn Cup"]
[Site "Box Hill"]
[Date "2005.02.04"]
[Round "1"]
[White "Liston, Howard"]
[Black "Exner, Rolf"]
[Result "0-1"]
[WhiteElo "1877"]
[BlackElo "1566"]
[PlyCount "70"]
[EventDate "2005.02.04"]
[EventType "swiss"]
[EventRounds "4"]
[EventCountry "AUS"]
[SourceTitle "EXT 2010"]
[Source "ChessBase"]
[SourceDate "2010.11.25"]
[SourceVersion "1"]
[SourceVersionDate "2010.11.25"]
[SourceQuality "1"]

1. e4 c5 2. Nf3 Nc6 3. d4 cxd4 4. Nxd4 Nf6 5. Nc3 d6 6. Bg5 e6 7. Qd2 a6 8. 0-0-0 Be7 9. Kb1 Qc7 10. f4 b5 11. Nxc6 Qxc6 12. e5 dxe5 13. fxe5 Nd5 14. Nxd5 Qxd5 15. Qxd5 exd5 16. Bxe7 Kxe7 17. Rxd5 Bb7 18. Rd2 Rad8 19. Bd3 Rd7 20. Kc1 Rhd8 21. Rf2 Bd5 22. a4 Be6 23. Rhf1 Rc7 24. Kb1 Rc5 25. Re1 Rd4 26. axb5 axb5 27. Rfe2 b4 28. Re4 Rxe4 29. Rxe4 b3 30. Re2 g6 31. c3 Rd5 32. Re3 Bf5 33. Kc1 Rxd3 34. Rxd3 Bxd3 35. Kd2 Bf1 0-1

[Event "Box Hill op"]
[Site "Box Hill"]
[Date "2001.09.28"]
[Round "4.8"]
[White "Wilson, Norm"]
[Black "Liston, Howard"]
[Result "0-1"]
[WhiteElo "1623"]
[BlackElo "1920"]
[PlyCount "82"]
[EventDate "2001.09.??"]
[EventType "swiss"]
[EventRounds "7"]
[EventCountry "AUS"]
[SourceTitle "EXT 2003"]
[Source "ChessBase"]
[SourceDate "2002.11.25"]
[SourceVersion "1"]
[SourceVersionDate "2002.11.25"]
[SourceQuality "1"]

1. e4 c5 2. d4 cxd4 3. c3 dxc3 4. Nxc3 Nc6 5. Nf3 d6 6. Bc4 e6 7. 0-0 a6 8. Qe2 Qc7 9. Rd1 Be7 10. Bg5 Nf6 11. Rac1 0-0 12. Nd4 Rd8 13. Bb3 Nxd4 14. Rxd4 Qa5 15. Qd2 b5 16. Rd1 Bb7 17. Nd5 Qxd2 18. Nxe7+ Kf8 19. R1xd2 Kxe7 20. f3 h6 21. Be3 d5 22. exd5 Bxd5 23. Bxd5 Nxd5 24. Bf2 Rdc8 25. g3 Rc1+ 26. Rd1 Rac8 27. R4d2 f6 28. Rxc1 Rxc1+ 29. Kg2 Nb4 30. a3 Nc6 31. Bb6 e5 32. Kf2 Ke6 33. Ke3 f5 34. Kd3 g5 35. Ke2 h5 36. Ke3 g4 37. Ke2 Rh1 38. Ke3 Rf1 39. fxg4 hxg4 40. Bc7 Nd4 41. Bxe5 Nf3 0-1